Perspectives on Health (Record no. 8902)

MARC details
000 -LEADER
fixed length control field 00526nam a22001697a 4500
008 - FIXED-LENGTH DATA ELEMENTS--GENERAL INFORMATION
fixed length control field 211020b |||||||| |||| 00| 0 eng d
020 ## - INTERNATIONAL STANDARD BOOK NUMBER
International Standard Book Number 9780669384055
082 ## - DEWEY DECIMAL CLASSIFICATION NUMBER
Classification number 613 GET
100 ## - MAIN ENTRY--PERSONAL NAME
Personal name Getchell, Leroy H
245 ## - TITLE STATEMENT
Title Perspectives on Health
260 ## - PUBLICATION, DISTRIBUTION, ETC.
Place of publication, distribution, etc. Evanston :
Name of publisher, distributor, etc. McDougal Littell,
Date of publication, distribution, etc. 1996
300 ## - PHYSICAL DESCRIPTION
Extent xix, 748 p. :
Other physical details col. ill. ;
Dimensions 29 cm
650 ## - SUBJECT ADDED ENTRY--TOPICAL TERM
Topical term or geographic name entry element Social medicine Medicine and psychology Health | Nursing -- Social aspects Wellness
700 ## - ADDED ENTRY--PERSONAL NAME
Personal name Pippin, Grover D
Personal name Varnes, Jill W
942 ## - Added entry Elements (Koha)
Source of classification or shelving scheme Dewey Decimal Classification
Holdings
Withdrawn status Lost status Source of classification or shelving scheme Damaged status Not for loan Collection code Home library Current library Shelving location Date acquired Serial Enumeration / chronology Total Checkouts Full call number Barcode Date last seen Price effective from Koha item type
    Dewey Decimal Classification     Main TEST RTC Library RTC Library Main opac 20/10/2021 16236   613 GET 30015080 20/10/2021 20/10/2021 Main
    Dewey Decimal Classification     Main TEST RTC Library RTC Library Main opac 20/10/2021 16237   613 GET 30015160 20/10/2021 20/10/2021 Main
Royal Thimphu College || All Right Reserved